Loading...
| Science - Other | 0 | 5 | 1 | 0 | 45 | 37 | 56.60 | 2 | 5 | 25.21 | 43.33 |
| Science - Chemistry | 0 | 5 | 2 | 1 | 40 | 30 | 69.60 | 0 | 3 | 18.65 | 31.11 |
| Science - Physics | 0 | 4 | 1 | 0 | 35 | 26 | 51.50 | 1 | 2 | 20.34 | 31.11 |
| History - Other | 0 | 4 | 1 | 1 | 35 | 39 | 65.50 | 1 | 2 | 15.80 | 24.44 |
| Social Science | 0 | 3 | 0 | 0 | 30 | 68 | 70.67 | 1 | 2 | 14.30 | 31.75 |
| History - European | 0 | 3 | 1 | 0 | 25 | 41 | 53.00 | 0 | 1 | 15.14 | 21.11 |
| Philosophy | 0 | 2 | 0 | 0 | 20 | 40 | 47.00 | 1 | 2 | 13.33 | 15.28 |
| History - World | 0 | 2 | 0 | 0 | 20 | 15 | 47.50 | 1 | 1 | 11.32 | 14.44 |
| Geography | 0 | 2 | 0 | 0 | 20 | 76 | 81.50 | 0 | 1 | 9.55 | 24.44 |
| Science - Biology | 0 | 2 | 1 | 0 | 15 | 50 | 59.00 | 0 | 0 | 8.88 | 11.11 |
| History - American | 0 | 2 | 1 | 0 | 15 | 73 | 75.50 | 1 | 1 | 6.88 | 13.33 |
| Mythology | 0 | 1 | 0 | 0 | 10 | 72 | 72.00 | 0 | 1 | 3.08 | 5.56 |
| Fine Arts - Painting and Sculpture | 0 | 1 | 0 | 0 | 10 | 82 | 82.00 | 0 | 1 | 3.54 | 6.67 |
| Literature - British | 0 | 1 | 0 | 0 | 10 | 87 | 87.00 | 0 | 0 | 2.37 | 6.67 |
| Popular Culture | 0 | 1 | 0 | 0 | 10 | 73 | 73.00 | 1 | 1 | 7.41 | 15.56 |
| Religion | 0 | 1 | 0 | 0 | 10 | 86 | 86.00 | 0 | 0 | 1.65 | 2.22 |
| Current Events | 0 | 1 | 1 | 0 | 5 | 63 | 63.00 | 0 | 1 | 7.52 | 15.56 |
| Literature - American | 0 | 0 | 0 | 0 | 0 | 0.00 | 0 | 0 | 0.00 | 0.00 |